MARC details
| 000 -LEADER |
| fixed length control field |
01904cam a2200517 i 4500 |
| 001 - CONTROL NUMBER |
| control field |
200468058 |
| 003 - CONTROL NUMBER IDENTIFIER |
| control field |
TR-AnTOB |
| 005 - DATE AND TIME OF LATEST TRANSACTION |
| control field |
20260413091924.0 |
| 007 - PHYSICAL DESCRIPTION FIXED FIELD--GENERAL INFORMATION |
| fixed length control field |
ta |
| 008 - FIXED-LENGTH DATA ELEMENTS--GENERAL INFORMATION |
| fixed length control field |
260413t19801965nyu 000 0 eng d |
| 020 ## - INTERNATIONAL STANDARD BOOK NUMBER |
| International Standard Book Number |
0451121988 |
|
| International Standard Book Number |
9780451121981 |
|
| International Standard Book Number |
0451144597 |
| Qualifying information |
(paperback) |
|
| International Standard Book Number |
9780451144591 |
| Qualifying information |
(paperback) |
|
| International Standard Book Number |
0451154460 |
|
| International Standard Book Number |
9780451154460 |
| 035 ## - SYSTEM CONTROL NUMBER |
| System control number |
(CLU)815455-ucladb-Voyager |
|
| System control number |
(OCoLC)10871392 |
| Canceled/invalid control number |
(OCoLC)32913651 |
| -- |
(OCoLC)605952816 |
|
| System control number |
(OCoLC)ocm10871392 |
|
| System control number |
(EXLNZ-01UCS_NETWORK)9912827129806531 |
|
| System control number |
(TR-AnTOB)200468058 |
| 040 ## - CATALOGING SOURCE |
| Original cataloging agency |
CLU |
| Language of cataloging |
eng |
| Description conventions |
rda |
| Transcribing agency |
CLU |
| Modifying agency |
OCL |
| -- |
UBA |
| -- |
OCLCQ |
| -- |
BTCTA |
| -- |
OCLCQ |
| -- |
OCLCG |
| -- |
OCLCQ |
| -- |
OCLCF |
| -- |
OCLCO |
| -- |
OCLCQ |
| -- |
OCLCA |
| -- |
OCLCO |
| -- |
OCLCQ |
| -- |
OCLCO |
| -- |
OCLCL |
| -- |
OCLCQ |
| -- |
CCS |
| -- |
SZR |
| -- |
BAKER |
| -- |
YDXCP |
| -- |
TR-AnTOB |
| 041 0# - LANGUAGE CODE |
| Language code of text/sound track or separate title |
İngilizce |
| 043 ## - GEOGRAPHIC AREA CODE |
| Geographic area code |
n-us-ks |
| 050 #4 - LIBRARY OF CONGRESS CALL NUMBER |
| Classification number |
HV6533.K3 |
| Item number |
C3768 1980 |
| 090 ## - LOCALLY ASSIGNED LC-TYPE CALL NUMBER (OCLC); LOCAL CALL NUMBER (RLIN) |
| Classification number (OCLC) (R) ; Classification number, CALL (RLIN) (NR) |
HV6533.K3 |
| Local cutter number (OCLC) ; Book number/undivided call number, CALL (RLIN) |
C3768 1980 |
| 100 1# - MAIN ENTRY--PERSONAL NAME |
| Personal name |
Capote, Truman, |
| Dates associated with a name |
1924-1984 |
| Relator term |
author |
| Relator code |
aut |
| Authority record control number or standard number |
http://id.loc.gov/authorities/names/n79104227 |
| 9 (RLIN) |
53170 |
| 245 10 - TITLE STATEMENT |
| Title |
In cold blood : |
| Remainder of title |
a true account of a multiple murder and its consequences / |
| Statement of responsibility, etc. |
Truman Capote. |
| 264 #1 - PRODUCTION, PUBLICATION, DISTRIBUTION, MANUFACTURE, AND COPYRIGHT NOTICE |
| Place of production, publication, distribution, manufacture |
New York : |
| Name of producer, publisher, distributor, manufacturer |
New American Library, |
| Date of production, publication, distribution, manufacture, or copyright notice |
1980. |
|
| Date of production, publication, distribution, manufacture, or copyright notice |
©1965 |
| 300 ## - PHYSICAL DESCRIPTION |
| Extent |
384 pages ; |
| Dimensions |
18 cm |
| 336 ## - CONTENT TYPE |
| Content type term |
text |
| Content type code |
txt |
| Source |
rdacontent |
| 337 ## - MEDIA TYPE |
| Media type term |
unmediated |
| Media type code |
n |
| Source |
rdamedia |
| 338 ## - CARRIER TYPE |
| Carrier type term |
volume |
| Carrier type code |
nc |
| Source |
rdacarrier |
| 490 0# - SERIES STATEMENT |
| Series statement |
Signet book ; |
| Volume/sequential designation |
AE 2198 |
| 600 10 - SUBJECT ADDED ENTRY--PERSONAL NAME |
| Personal name |
Hickock, Richard Eugene, |
| Dates associated with a name |
1931-1965 |
| Authority record control number or standard number |
http://id.loc.gov/authorities/names/n86113641 |
| 9 (RLIN) |
153568 |
|
| Personal name |
Smith, Perry Edward, |
| Dates associated with a name |
1928-1965 |
| Authority record control number or standard number |
http://id.loc.gov/authorities/names/n86113642 |
| 9 (RLIN) |
153569 |
| 650 #0 - SUBJECT ADDED ENTRY--TOPICAL TERM |
| Topical term or geographic name entry element |
Murder |
| Geographic subdivision |
Kansas |
| Form subdivision |
Case studies |
| 9 (RLIN) |
153570 |
| 655 #7 - INDEX TERM--GENRE/FORM |
| Genre/form data or focus term |
Case studies |
| Source of term |
lcgft |
| 9 (RLIN) |
151426 |
| 951 ## - EQUIVALENCE OR CROSS-REFERENCE--GEOGRAPHIC NAME/AREA NAME [OBSOLETE] [CAN/MARC only] |
| Geographic name |
UclaCollMgr MonosBKS19771980 20210504 |
|
| Geographic name |
pmr 062184 |
|
| Geographic name |
MARS |
| 942 ## - ADDED ENTRY ELEMENTS (KOHA) |
| Source of classification or shelving scheme |
Library of Congress Classification |
| Koha item type |
Book |